000 00243nam a2200121Ia 4500
100 _a#N/A
650 _aComputer/ IT
942 _cBK
654 _aVB
245 _aVisual Basic . Net On Screen Training
260 _b#N/A
546 _aENGLISH
999 _c29037
_d29037